[Event "Montreal Mercredi 09"]
[Site "Montreal CAN"]
[Date "2007.09.26"]
[Round "4"]
[White "Daoud, Michel"]
[Black "Chesnut, Walter"]
[Result "1-0"]
[WhiteElo "1474"]
[BlackElo "1471"]
[PlyCount "99"]
[GameId "2160767910579397"]
[EventDate "2007.09.05"]
[EventType "swiss"]
[EventRounds "5"]
[EventCountry "CAN"]
[SourceTitle "EXT 2022"]
[Source "ChessBase"]
[SourceDate "2021.10.06"]
[SourceVersion "1"]
[SourceVersionDate "2021.10.06"]
[SourceQuality "1"]

1. e4 c5 2. Nf3 d6 3. Bc4 e6 4. c3 Nf6 5. d3 Nc6 6. O-O a6 7. Bg5 Be7 8. Re1 Na5 9. Nbd2 Nxc4 10. Nxc4 b5 11. Ne3 Bb7 12. Rc1 h6 13. Bh4 O-O 14. e5 Bxf3 15. Qxf3 dxe5 16. Bxf6 Bxf6 17. Ng4 Bg5 18. Rcd1 f6 19. Qc6 Qd5 20. Qb6 Rfb8 21. Qa5 h5 22. Ne3 Bxe3 23. Rxe3 Qd8 24. Qa3 b4 25. Qb3 Qd5 26. c4 Qd7 27. Rde1 Rd8 28. Qd1 g6 29. Rg3 Kf7 30. Qf3 Qc7 31. Qe4 Rg8 32. Rxg6 f5 33. Qf3 Rxg6 34. Qxa8 a5 35. Qh8 Qc6 36. g3 Qf3 37. Qxe5 Qxd3 38. Qc7+ Kf6 39. Qxc5 Qd2 40. Qe5+ Kf7 41. c5 Qd5 42. Qc7+ Kf6 43. Qxa5 Qd2 44. Rf1 h4 45. Qc7 Qd5 46. Qd6 Qe4 47. c6 h3 48. Qf8+ Kg5 49. Qd8+ Kh5 50. f3 1-0

[Event "Montreal Mercredi 09"]
[Site "Montreal CAN"]
[Date "2007.09.26"]
[Round "4"]
[White "Forget, Luc"]
[Black "Courval, Francois"]
[Result "0-1"]
[WhiteElo "1971"]
[BlackElo "1914"]
[PlyCount "106"]
[GameId "2160767910579398"]
[EventDate "2007.09.05"]
[EventType "swiss"]
[EventRounds "5"]
[EventCountry "CAN"]
[SourceTitle "EXT 2022"]
[Source "ChessBase"]
[SourceDate "2021.10.06"]
[SourceVersion "1"]
[SourceVersionDate "2021.10.06"]
[SourceQuality "1"]

1. d4 f5 2. g3 Nf6 3. Bg2 e6 4. Nf3 Be7 5. O-O O-O 6. c4 Ne4 7. Qc2 Bf6 8. Nbd2 Nxd2 9. Bxd2 d6 10. Bc3 Qe7 11. Rad1 e5 12. dxe5 dxe5 13. b4 e4 14. Nd2 Nc6 15. b5 Bxc3 16. Qxc3 Qe5 17. Nb1 Qxc3 18. Nxc3 Ne5 19. c5 Be6 20. Rd4 Rfd8 21. Rfd1 Rxd4 22. Rxd4 Kf7 23. f3 exf3 24. exf3 Nd7 25. c6 bxc6 26. f4 Nb6 27. Bxc6 Rb8 28. a4 Ke7 29. a5 Nc8 30. Nd5+ Bxd5 31. Rxd5 Nd6 32. Kf2 h5 33. h4 Rd8 34. Re5+ Kf8 35. Rc5 g6 36. Ke3 Ke7 37. Bd5 Rd7 38. Bc6 Rd8 39. Rd5 Nc4+ 40. Kd4 Nxa5 41. Kc5 Nxc6 42. Kxc6 Rxd5 43. Kxd5 Kd7 44. Kc5 Kc8 45. Kc6 Kb8 46. Kd5 Kb7 47. Kc5 c6 48. bxc6+ Kc7 49. Kb5 a6+ 50. Kxa6 Kxc6 51. Ka7 Kd5 52. Kb6 Ke4 53. Kc6 Kf3 0-1

[Event "Montreal Mercredi 09"]
[Site "Montreal CAN"]
[Date "2007.09.26"]
[Round "4"]
[White "Katch, Gary"]
[Black "Gauthier, Luc"]
[Result "1-0"]
[WhiteElo "1852"]
[BlackElo "1694"]
[PlyCount "79"]
[GameId "2160767910579399"]
[EventDate "2007.09.05"]
[EventType "swiss"]
[EventRounds "5"]
[EventCountry "CAN"]
[SourceTitle "EXT 2022"]
[Source "ChessBase"]
[SourceDate "2021.10.06"]
[SourceVersion "1"]
[SourceVersionDate "2021.10.06"]
[SourceQuality "1"]

1. e4 Nf6 2. Nc3 d5 3. exd5 Nxd5 4. d4 Nxc3 5. bxc3 g6 6. Bc4 Bg7 7. Nf3 O-O 8. Bg5 c5 9. O-O Nd7 10. Qe2 Nf6 11. Rfe1 e6 12. Red1 Qc7 13. Qe5 Nd5 14. Qxc7 Nxc7 15. Be7 Re8 16. Bxc5 b5 17. Bf1 Bb7 18. Ne5 a6 19. a4 bxa4 20. Rxa4 Rad8 21. Rb1 Be4 22. Nd3 Nd5 23. Rb3 e5 24. Rxa6 Bxd3 25. cxd3 exd4 26. c4 Nc3 27. g3 Re1 28. Rd6 Ra8 29. Kg2 h5 30. Bxd4 Bxd4 31. Rxd4 Ne2 32. Bxe2 Rxe2 33. Rc3 Raa2 34. Rf4 g5 35. Rf5 g4 36. c5 Kg7 37. c6 Kg6 38. Rf4 Rac2 39. Rxc2 Rxc2 40. Rc4 1-0

[Event "Montreal Mercredi 09"]
[Site "Montreal CAN"]
[Date "2007.09.26"]
[Round "4"]
[White "Messier, Samuel"]
[Black "Landry, Martin"]
[Result "1/2-1/2"]
[WhiteElo "1616"]
[BlackElo "1636"]
[PlyCount "86"]
[GameId "2160767910579400"]
[EventDate "2007.09.05"]
[EventType "swiss"]
[EventRounds "5"]
[EventCountry "CAN"]
[SourceTitle "EXT 2022"]
[Source "ChessBase"]
[SourceDate "2021.10.06"]
[SourceVersion "1"]
[SourceVersionDate "2021.10.06"]
[SourceQuality "1"]

1. d4 Nf6 2. c4 e6 3. Nf3 d5 4. Nc3 Nbd7 5. e3 dxc4 6. Bxc4 Nb6 7. Bd3 c5 8. O-O cxd4 9. exd4 Be7 10. Re1 O-O 11. Bf4 Nbd5 12. Bg3 a6 13. Rc1 b5 14. Nxd5 Nxd5 15. a3 Bb7 16. Qc2 h6 17. h3 Rc8 18. Qd2 Qb6 19. Ne5 Rxc1 20. Rxc1 Rc8 21. Rxc8+ Bxc8 22. Nf3 Bd7 23. Ne5 Bc8 24. Nf3 Bb7 25. Be4 b4 26. axb4 Bxb4 27. Qc2 Qc6 28. Qxc6 Bxc6 29. Ne5 Bb5 30. Bd3 Bxd3 31. Nxd3 Bd2 32. Bd6 a5 33. Kf1 Bg5 34. Ke2 Bd8 35. Bc5 f6 36. g3 Kf7 37. Nc1 Be7 38. Bxe7 Kxe7 39. Nb3 a4 40. Nc5 Nb6 41. Kd3 Kd6 42. Ne4+ Kd5 43. Nc3+ Kd6 1/2-1/2

[Event "Montreal Mercredi 09"]
[Site "Montreal CAN"]
[Date "2007.09.26"]
[Round "4"]
[White "Papineau (Montreal), Daniel"]
[Black "Torkan, Behnam"]
[Result "1/2-1/2"]
[WhiteElo "1872"]
[BlackElo "1906"]
[PlyCount "76"]
[GameId "2160767910579401"]
[EventDate "2007.09.05"]
[EventType "swiss"]
[EventRounds "5"]
[EventCountry "CAN"]

1. c4 e5 2. Nc3 f5 3. g3 Nf6 4. Bg2 Bc5 5. e3 Nc6 6. Nge2 d6 7. d4 Bb6 8. b4 a6 9. c5 Ba7 10. O-O O-O 11. Bxc6 bxc6 12. dxe5 dxe5 13. Qxd8 Rxd8 14. Ba3 Be6 15. Rfe1 Nd5 16. Nxd5 cxd5 17. f4 exf4 18. exf4 g6 19. Nd4 Bd7 20. Bb2 Re8 21. Rad1 Re4 22. a3 Rae8 23. Kf2 Kf7 24. Nf3 Rxe1 25. Rxe1 Rxe1 26. Kxe1 Bb5 27. Be5 c6 28. Ng5+ Kg8 29. Ne6 Kf7 30. Ng5+ Kg8 31. Ne6 h6 32. Nd8 Kf8 33. Nb7 Ke7 34. Nd6 Kd7 35. Nf7 g5 36. Nxh6 gxf4 37. gxf4 Ke6 38. Kd2 a5 1/2-1/2

[Event "Montreal Mercredi 09"]
[Site "Montreal CAN"]
[Date "2007.09.26"]
[Round "4"]
[White "Savard, Alain"]
[Black "Lemieux, Serge"]
[Result "1-0"]
[WhiteElo "1558"]
[BlackElo "1502"]
[PlyCount "43"]
[GameId "2160767910579402"]
[EventDate "2007.09.05"]
[EventType "swiss"]
[EventRounds "5"]
[EventCountry "CAN"]
[SourceTitle "EXT 2022"]
[Source "ChessBase"]
[SourceDate "2021.10.06"]
[SourceVersion "1"]
[SourceVersionDate "2021.10.06"]
[SourceQuality "1"]

1. e4 c5 2. Nf3 Nc6 3. Nc3 e5 4. d3 h6 5. Be2 d6 6. Nd5 Nf6 7. Be3 Be6 8. c4 Ng4 9. h3 Nxe3 10. fxe3 Be7 11. O-O Qd7 12. Nh2 O-O-O 13. Bg4 Rdf8 14. a3 Bg5 15. Qe2 Ne7 16. b4 b6 17. bxc5 dxc5 18. Rab1 f5 19. Nxe7+ Bxe7 20. exf5 Bxf5 21. Rxf5 Rxf5 22. e4 1-0

[Event "Montreal Mercredi 09"]
[Site "Montreal CAN"]
[Date "2007.09.26"]
[Round "4"]
[White "Teasdale, Alain"]
[Black "Marquis, Gerald"]
[Result "0-1"]
[WhiteElo "1531"]
[BlackElo "1514"]
[PlyCount "126"]
[GameId "2160767910579403"]
[EventDate "2007.09.05"]
[EventType "swiss"]
[EventRounds "5"]
[EventCountry "CAN"]
[SourceTitle "EXT 2022"]
[Source "ChessBase"]
[SourceDate "2021.10.06"]
[SourceVersion "1"]
[SourceVersionDate "2021.10.06"]
[SourceQuality "1"]

1. e4 e5 2. Nf3 Nf6 3. d4 exd4 4. e5 Nd5 5. c4 Ne7 6. Qxd4 Nbc6 7. Qd1 Ng6 8. Qe2 Bb4+ 9. Nc3 Qe7 10. Bg5 Qc5 11. a3 Bxc3+ 12. bxc3 O-O 13. Be3 Qa5 14. Qd2 Ncxe5 15. Nxe5 Qxe5 16. Be2 d6 17. O-O Re8 18. Bf3 Nh4 19. Bd4 Nxf3+ 20. gxf3 Qh5 21. Qf4 Re6 22. Rae1 Rxe1 23. Rxe1 Be6 24. Qg3 Qg6 25. c5 dxc5 26. Bxc5 b6 27. Bd4 Rd8 28. Kf1 c5 29. Be5 Qxg3 30. fxg3 Rd3 31. Kg2 Rd2+ 32. Kg1 Ra2 33. Rd1 f6 34. Bb8 Rxa3 35. Rd6 Kf7 36. Rc6 Rxc3 37. Bxa7 b5 38. Rxc5 b4 39. Rxc3 bxc3 40. Bd4 c2 41. Bb2 Bd5 42. Kf2 g6 43. f4 Ke6 44. Ke3 Kf5 45. Bc1 Kg4 46. Kf2 Kh3 47. Kg1 h5 48. Bd2 h4 49. gxh4 Kxh4 50. Bc1 Kg4 51. Bd2 Kf3 52. Bc1 Ke2 53. h4 Kd1 54. Bb2 c1=Q 55. Bxc1 Kxc1 56. Kf2 Be4 57. Ke3 f5 58. Kd4 Kd2 59. Ke5 Ke3 60. Kf6 Kxf4 61. Kxg6 Kg4 62. h5 f4+ 63. Kh6 f3 0-1

[Event "Montreal Mercredi 09"]
[Site "Montreal CAN"]
[Date "2007.09.26"]
[Round "4"]
[White "Tremblay, Sigfrid"]
[Black "Ouimet, Bernard"]
[Result "1/2-1/2"]
[WhiteElo "1960"]
[BlackElo "1915"]
[PlyCount "72"]
[GameId "2160767910579404"]
[EventDate "2007.09.05"]
[EventType "swiss"]
[EventRounds "5"]
[EventCountry "CAN"]
[SourceTitle "EXT 2022"]
[Source "ChessBase"]
[SourceDate "2021.10.06"]
[SourceVersion "1"]
[SourceVersionDate "2021.10.06"]
[SourceQuality "1"]

1. e4 e5 2. d4 exd4 3. c3 d5 4. exd5 Qxd5 5. cxd4 Nc6 6. Be3 Nf6 7. Nf3 Bg4 8. Be2 Bb4+ 9. Nc3 O-O 10. O-O Bxc3 11. bxc3 Rad8 12. Qa4 Qa5 13. Qc2 Bf5 14. Bd3 Bxd3 15. Qxd3 Rfe8 16. Bd2 Ne4 17. Rfe1 Nxd2 18. Qxd2 Ne5 19. Nxe5 Rxe5 20. Rxe5 Qxe5 21. Re1 Qd5 22. Qe2 h6 23. g3 c5 24. dxc5 Qxc5 25. Qe7 Qd5 26. c4 Qd7 27. Qxd7 Rxd7 28. Re8+ Kh7 29. Ra8 a6 30. Rb8 Rc7 31. Kg2 Kg6 32. Kf3 Rxc4 33. Rxb7 Ra4 34. Rb2 Kf5 35. h3 Ra3+ 36. Ke2 Ke5 1/2-1/2

[Event "Montreal Mercredi 09"]
[Site "Montreal CAN"]
[Date "2007.10.04"]
[Round "5"]
[White "Bergeron, Rene"]
[Black "Savard, Alain"]
[Result "1/2-1/2"]
[WhiteElo "1500"]
[BlackElo "1558"]
[PlyCount "77"]
[GameId "2160767910579405"]
[EventDate "2007.09.05"]
[EventType "swiss"]
[EventRounds "5"]
[EventCountry "CAN"]
[SourceTitle "EXT 2022"]
[Source "ChessBase"]
[SourceDate "2021.10.06"]
[SourceVersion "1"]
[SourceVersionDate "2021.10.06"]
[SourceQuality "1"]

1. e4 e6 2. c4 d5 3. exd5 exd5 4. cxd5 Nf6 5. Bc4 Nbd7 6. d4 Nb6 7. Bb3 Nbxd5 8. Nf3 Bb4+ 9. Bd2 Qe7+ 10. Qe2 Qxe2+ 11. Kxe2 O-O 12. Re1 Bg4 13. Nc3 Rfe8+ 14. Kf1 Bxf3 15. gxf3 Nxc3 16. bxc3 Bd6 17. Kg2 c6 18. Rxe8+ Rxe8 19. Re1 Rxe1 20. Bxe1 Nd5 21. Bxd5 cxd5 22. Bd2 f6 23. f4 Kf7 24. f5 g6 25. fxg6+ hxg6 26. h3 Ke6 27. Kf3 Ba3 28. Kg4 b5 29. h4 Bb2 30. f4 f5+ 31. Kg5 Kf7 32. h5 gxh5 33. Kxf5 h4 34. Kg4 Kf6 35. Kxh4 Kf5 36. Kg3 a5 37. Kf3 a4 38. Ke3 Ba3 39. Kf3 1/2-1/2

[Event "Montreal Mercredi 09"]
[Site "Montreal CAN"]
[Date "2007.10.04"]
[Round "5"]
[White "Courval, Francois"]
[Black "Tremblay, Sigfrid"]
[Result "1-0"]
[WhiteElo "1914"]
[BlackElo "1960"]
[PlyCount "135"]
[GameId "2160767910579406"]
[EventDate "2007.09.05"]
[EventType "swiss"]
[EventRounds "5"]
[EventCountry "CAN"]
[SourceTitle "EXT 2022"]
[Source "ChessBase"]
[SourceDate "2021.10.06"]
[SourceVersion "1"]
[SourceVersionDate "2021.10.06"]
[SourceQuality "1"]

1. e4 d6 2. d4 Nf6 3. Nc3 g6 4. f4 Bg7 5. Nf3 c5 6. Bb5+ Bd7 7. e5 Ng4 8. e6 Bxb5 9. exf7+ Kf8 10. Nxb5 Qa5+ 11. Nc3 cxd4 12. Nxd4 Bxd4 13. Qxd4 Nf6 14. Bd2 Nc6 15. Qc4 d5 16. Qe2 Kxf7 17. Ne4 Qa4 18. Ng5+ Kg7 19. b3 Qa3 20. Ne6+ Kf7 21. O-O Qd6 22. f5 Ke8 23. Bf4 Qb4 24. Nc7+ Kf7 25. Nxa8 Rxa8 26. Qe6+ Kg7 27. fxg6 hxg6 28. Bg5 Qd4+ 29. Kh1 Qe5 30. Bxf6+ exf6 31. Qd7+ Qe7 32. Qxd5 Rd8 33. Qc4 Ne5 34. Qc3 Qd6 35. h3 Qb6 36. Rad1 Rh8 37. Qd4 Qe6 38. Qf4 g5 39. Qf5 Qxf5 40. Rxf5 Kg6 41. Rdf1 Nd7 42. Kg1 Re8 43. g4 Re2 44. R1f2 Re3 45. R5f3 Re6 46. Kf1 Ne5 47. Re3 b5 48. Rd2 Ra6 49. c3 Rc6 50. Rd8 a6 51. Ke2 Kf7 52. Kd2 Ke7 53. Rg8 a5 54. Rxe5+ fxe5 55. Rxg5 Kf6 56. Rf5+ Ke6 57. Rh5 Rc7 58. Kd3 Rd7+ 59. Ke4 Rd2 60. Rxe5+ Kf6 61. Rxb5 Rxa2 62. c4 a4 63. bxa4 Rxa4 64. Kd4 Ra3 65. Rh5 Ra1 66. Kd5 Rd1+ 67. Kc6 Kg6 68. c5 1-0

[Event "Montreal Mercredi 09"]
[Site "Montreal CAN"]
[Date "2007.10.04"]
[Round "5"]
[White "Landry, Martin"]
[Black "Katch, Gary"]
[Result "1/2-1/2"]
[WhiteElo "1636"]
[BlackElo "1852"]
[PlyCount "72"]
[GameId "2160767910579407"]
[EventDate "2007.09.05"]
[EventType "swiss"]
[EventRounds "5"]
[EventCountry "CAN"]
[SourceTitle "EXT 2022"]
[Source "ChessBase"]
[SourceDate "2021.10.06"]
[SourceVersion "1"]
[SourceVersionDate "2021.10.06"]
[SourceQuality "1"]

1. d4 d5 2. c4 e6 3. Nc3 Nf6 4. Bg5 Nbd7 5. Nf3 c6 6. cxd5 exd5 7. Qc2 Be7 8. g3 O-O 9. Bg2 Re8 10. O-O Ne4 11. Bxe7 Qxe7 12. e3 Ndf6 13. Rae1 Nxc3 14. bxc3 Ne4 15. Nd2 Bf5 16. Nxe4 Bxe4 17. Bxe4 Qxe4 18. Qxe4 Rxe4 19. f3 Re7 20. e4 dxe4 21. Rxe4 Rae8 22. Rfe1 Kf8 23. Kf2 b5 24. Rxe7 Rxe7 25. Re4 Ke8 26. Ke3 Kd7 27. a3 Re6 28. Kd3 Kd6 29. c4 a5 30. Kc3 f5 31. Rxe6+ Kxe6 32. f4 Kd6 33. h3 h5 34. h4 Kd7 35. Kb3 Kc7 36. Kc3 Kd6 1/2-1/2

[Event "Montreal Mercredi 09"]
[Site "Montreal CAN"]
[Date "2007.10.04"]
[Round "5"]
[White "Lemieux, Serge"]
[Black "Teasdale, Alain"]
[Result "0-1"]
[WhiteElo "1502"]
[BlackElo "1531"]
[PlyCount "74"]
[GameId "2160767910579408"]
[EventDate "2007.09.05"]
[EventType "swiss"]
[EventRounds "5"]
[EventCountry "CAN"]
[SourceTitle "EXT 2022"]
[Source "ChessBase"]
[SourceDate "2021.10.06"]
[SourceVersion "1"]
[SourceVersionDate "2021.10.06"]
[SourceQuality "1"]

1. d4 d5 2. c4 c6 3. Nc3 e5 4. dxe5 d4 5. Ne4 Qa5+ 6. Nd2 Nd7 7. Ngf3 Nxe5 8. Nxd4 Nxc4 9. N4b3 Qb4 10. a3 Qa4 11. e3 Nxd2 12. Bxd2 Nf6 13. Be2 Ne4 14. Nd4 Qxd1+ 15. Rxd1 Nxd2 16. Rxd2 Be7 17. O-O O-O 18. Rfd1 a6 19. h3 c5 20. Nf3 Be6 21. Ne5 Bb3 22. Rc1 Rad8 23. Rxd8 Rxd8 24. Bc4 Bxc4 25. Nxc4 b5 26. Ne5 Rd2 27. Nc6 Bd6 28. b4 c4 29. Nd4 g6 30. Kf1 Kg7 31. Rc2 Rd1+ 32. Ke2 Ra1 33. Rc3 Be5 34. g3 Kf6 35. f4 Bxd4 36. exd4 Ke6 37. a4 Rxa4 0-1

[Event "Montreal Mercredi 09"]
[Site "Montreal CAN"]
[Date "2007.10.04"]
[Round "5"]
[White "Marquis, Gerald"]
[Black "Casquero, Herberth"]
[Result "0-1"]
[WhiteElo "1514"]
[BlackElo "1485"]
[PlyCount "94"]
[GameId "2160767910579409"]
[EventDate "2007.09.05"]
[EventType "swiss"]
[EventRounds "5"]
[EventCountry "CAN"]
[SourceTitle "EXT 2022"]
[Source "ChessBase"]
[SourceDate "2021.10.06"]
[SourceVersion "1"]
[SourceVersionDate "2021.10.06"]
[SourceQuality "1"]

1. e4 Nf6 2. e5 Nd5 3. c4 Nb6 4. d4 d6 5. Nf3 Nc6 6. Bf4 Bf5 7. Bd3 dxe5 8. Bxf5 exf4 9. d5 Na5 10. b3 g6 11. Qd4 Rg8 12. Bh3 Bg7 13. Ne5 Qd6 14. c5 Qxe5+ 15. Qxe5 Bxe5 16. cxb6 axb6 17. Na3 Bxa1 18. O-O Nxb3 19. Nb5 Rxa2 20. Nxc7+ Kf8 21. Rb1 Be5 22. Nb5 Kg7 23. g3 fxg3 24. hxg3 Nd2 25. Rc1 Ra1 26. Rxa1 Bxa1 27. Na7 Rd8 28. Nc8 Rxd5 29. Nxe7 Re5 30. Nc8 Bd4 31. Bg4 b5 32. Nd6 b4 33. Bd1 Bxf2+ 34. Kxf2 Ne4+ 35. Nxe4 Rxe4 36. Bf3 Re7 37. Bd5 Kf6 38. Bb3 h5 39. Kf3 g5 40. Bc4 Re5 41. Bd3 b3 42. Bc4 b2 43. Bd3 b5 44. Bb1 b4 45. Kf2 b3 46. Kf1 h4 47. gxh4 gxh4 0-1

[Event "Montreal Mercredi 09"]
[Site "Montreal CAN"]
[Date "2007.10.04"]
[Round "5"]
[White "Millette, Sylvain"]
[Black "Messier, Samuel"]
[Result "1-0"]
[WhiteElo "1699"]
[BlackElo "1616"]
[PlyCount "91"]
[GameId "2160767910579410"]
[EventDate "2007.09.05"]
[EventType "swiss"]
[EventRounds "5"]
[EventCountry "CAN"]
[SourceTitle "EXT 2022"]
[Source "ChessBase"]
[SourceDate "2021.10.06"]
[SourceVersion "1"]
[SourceVersionDate "2021.10.06"]
[SourceQuality "1"]

1. Nf3 Nf6 2. g3 d5 3. Bg2 g6 4. d4 Bg7 5. O-O O-O 6. Nbd2 Nc6 7. c3 Re8 8. Qc2 Bf5 9. Qb3 Rb8 10. Re1 Qd7 11. Ne5 Nxe5 12. dxe5 Ne4 13. Nxe4 Bxe4 14. Bxe4 dxe4 15. Rd1 Qg4 16. f3 exf3 17. exf3 Qf5 18. f4 h5 19. Be3 b6 20. h4 Qg4 21. Kf2 Rbd8 22. Qc2 Qc8 23. Rxd8 Rxd8 24. Rd1 e6 25. Rxd8+ Qxd8 26. Qa4 a5 27. Qc6 Bf8 28. Bd4 Be7 29. Ke2 Kg7 30. Kd3 Qd5 31. Qxd5 exd5 32. e6+ Kf8 33. exf7 Kxf7 34. Be5 c6 35. Bc7 Bc5 36. b4 axb4 37. cxb4 Bxb4 38. Bxb6 Be1 39. a4 Ke6 40. a5 Kd7 41. a6 Kc8 42. g4 hxg4 43. f5 gxf5 44. h5 Bh4 45. h6 Bf6 46. Bd4 1-0

[Event "Montreal Mercredi 09"]
[Site "Montreal CAN"]
[Date "2007.10.04"]
[Round "5"]
[White "Ouimet, Bernard"]
[Black "Papineau (Montreal), Daniel"]
[Result "1-0"]
[WhiteElo "1915"]
[BlackElo "1872"]
[PlyCount "87"]
[GameId "2160767910579411"]
[EventDate "2007.09.05"]
[EventType "swiss"]
[EventRounds "5"]
[EventCountry "CAN"]

1. e4 c6 2. d4 d5 3. exd5 cxd5 4. c4 Nf6 5. Nc3 e6 6. Nf3 Be7 7. Bg5 Nc6 8. c5 Ne4 9. Bxe7 Qxe7 10. Bb5 O-O 11. O-O Bd7 12. Rc1 a6 13. Bd3 Nxc3 14. Rxc3 e5 15. dxe5 Nxe5 16. Nd4 Nxd3 17. Qxd3 Rfc8 18. Rfc1 Qe4 19. b4 Qxd3 20. Rxd3 Re8 21. f3 g6 22. Kf2 Kg7 23. Re1 Rxe1 24. Kxe1 Bb5 25. Re3 Re8 26. Kd2 Rxe3 27. Kxe3 Bc4 28. a4 Kf6 29. b5 axb5 30. axb5 Ke7 31. b6 Kd7 32. Ne2 Ke6 33. Kd4 Bb3 34. Nf4+ Kd7 35. Nxd5 h5 36. h4 Bd1 37. Nb4 Bb3 38. Ke4 Bc4 39. g4 Be2 40. gxh5 gxh5 41. f4 Bg4 42. Ke5 Bf3 43. Kf6 Be2 44. Kxf7 1-0

[Event "Montreal Mercredi 09"]
[Site "Montreal CAN"]
[Date "2007.10.04"]
[Round "5"]
[White "Torkan, Behnam"]
[Black "Forget, Luc"]
[Result "1/2-1/2"]
[WhiteElo "1906"]
[BlackElo "1971"]
[PlyCount "110"]
[GameId "2160767910579412"]
[EventDate "2007.09.05"]
[EventType "swiss"]
[EventRounds "5"]
[EventCountry "CAN"]
[SourceTitle "EXT 2022"]
[Source "ChessBase"]
[SourceDate "2021.10.06"]
[SourceVersion "1"]
[SourceVersionDate "2021.10.06"]
[SourceQuality "1"]

1. e4 e5 2. Nf3 Nc6 3. d4 exd4 4. Bc4 Nf6 5. e5 Ng4 6. Bxf7+ Kxf7 7. Ng5+ Kg8 8. Qxg4 h6 9. Nf3 d6 10. e6 Qf6 11. O-O Bxe6 12. Qh5 Ne5 13. Nxe5 dxe5 14. Nd2 Bd6 15. Ne4 Qf5 16. Qe2 Kh7 17. f4 Rhf8 18. Bd2 Bd5 19. Nxd6 cxd6 20. fxe5 Qxe5 21. Qg4 Rae8 22. Rfe1 Qf6 23. Rf1 Qg6 24. Qxg6+ Kxg6 25. Rxf8 Rxf8 26. Bb4 Rc8 27. c3 b6 28. Rd1 dxc3 29. Bxc3 Rc5 30. a3 a5 31. Rd3 Kf7 32. b4 axb4 33. axb4 Rb5 34. Rg3 g6 35. Rd3 Ke6 36. Re3+ Kf5 37. Re8 Be4 38. g4+ Kf4 39. Bd2+ Kf3 40. Rf8+ Ke2 41. Rf2+ Kd3 42. Bxh6 Rxb4 43. Rd2+ Kc4 44. Rxd6 Kb3 45. Kf2 b5 46. Bg7 Rc4 47. h4 b4 48. h5 gxh5 49. gxh5 Bh7 50. h6 Kc2 51. Rd7 b3 52. Be5 Be4 53. h7 Bxh7 54. Rxh7 b2 55. Bxb2 Kxb2 1/2-1/2

[Event "Montreal Mercredi 10"]
[Site "Montreal CAN"]
[Date "2007.10.10"]
[Round "1"]
[White "Bolduc, Rene"]
[Black "Fortin-Lavoie, Patrice"]
[Result "1-0"]
[WhiteElo "1454"]
[BlackElo "1412"]
[PlyCount "92"]
[GameId "2160767910578918"]
[EventDate "2007.10.10"]
[EventType "swiss"]
[EventRounds "5"]
[EventCountry "CAN"]
[SourceTitle "EXT 2022"]
[Source "ChessBase"]
[SourceDate "2021.10.06"]
[SourceVersion "1"]
[SourceVersionDate "2021.10.06"]
[SourceQuality "1"]

1. d4 d5 2. c4 e6 3. Nf3 Nf6 4. Bg5 Be7 5. Nc3 O-O 6. e3 c6 7. Bd3 Nfd7 8. h4 f6 9. Qc2 f5 10. O-O-O Nf6 11. Bf4 Na6 12. c5 b6 13. Bxa6 Bxa6 14. Ne5 Bb7 15. Nd3 bxc5 16. Nxc5 Bc8 17. f3 Bd6 18. Bxd6 Qxd6 19. e4 e5 20. dxe5 Qxe5 21. Nd3 Qc7 22. e5 Nd7 23. Nxd5 Qa5 24. Ne7+ Kh8 25. e6 Nb6 26. Qc5 Qxc5+ 27. Nxc5 Re8 28. Nxc8 Raxc8 29. Nd7 Rxe6 30. Nxb6 axb6 31. Rd7 Re2 32. Rhd1 Rce8 33. R1d2 R2e5 34. Rf7 Rd5 35. Rxd5 cxd5 36. Kd2 g6 37. Rd7 Ra8 38. Rxd5 Rxa2 39. Rb5 Ra4 40. Rxb6 Rxh4 41. Ke3 Kg7 42. b4 Rh2 43. g3 g5 44. b5 Rb2 45. Rb8 Rb3+ 46. Kf2 Kf7 1-0

[Event "Montreal Mercredi 10"]
[Site "Montreal CAN"]
[Date "2007.10.10"]
[Round "1"]
[White "Casquero, Herberth"]
[Black "Teasdale, Alain"]
[Result "1-0"]
[WhiteElo "1522"]
[BlackElo "1528"]
[PlyCount "111"]
[GameId "2160767910578919"]
[EventDate "2007.10.10"]
[EventType "swiss"]
[EventRounds "5"]
[EventCountry "CAN"]
[SourceTitle "EXT 2022"]
[Source "ChessBase"]
[SourceDate "2021.10.06"]
[SourceVersion "1"]
[SourceVersionDate "2021.10.06"]
[SourceQuality "1"]

1. e4 c5 2. Nf3 Nc6 3. d4 cxd4 4. Nxd4 Nf6 5. Nc3 e6 6. Bc4 a6 7. Bg5 Be7 8. Qd2 d6 9. O-O-O Bd7 10. f4 Qc7 11. f5 Na5 12. fxe6 Nxc4 13. exd7+ Qxd7 14. Qe2 Rc8 15. Nf5 O-O 16. Rd4 b5 17. Rhd1 Rfd8 18. Nxe7+ Qxe7 19. Nd5 Qe6 20. Bxf6 gxf6 21. Qf2 Rc5 22. Qxf6 Qxf6 23. Nxf6+ Kg7 24. Nd5 a5 25. b3 Na3 26. c3 b4 27. Kb2 Nb5 28. cxb4 axb4 29. Rxb4 Rdc8 30. Rd2 Nc3 31. Nxc3 Rxc3 32. a4 R3c6 33. Rbd4 Re8 34. a5 Kf6 35. Rxd6+ Rxd6 36. Rxd6+ Ke5 37. Rd2 Rc8 38. Rc2 Ra8 39. b4 Kxe4 40. Rc7 Rb8 41. Kc3 f5 42. a6 Rb6 43. a7 Ra6 44. b5 Ra3+ 45. Kb4 Ra2 46. Rxh7 f4 47. b6 Rb2+ 48. Kc5 Rc2+ 49. Kd6 Ra2 50. Kc7 Ke3 51. Kb8 Kf2 52. g4 Kg2 53. a8=Q+ Rxa8+ 54. Kxa8 f3 55. b7 f2 56. Rf7 1-0

[Event "Montreal Mercredi 10"]
[Site "Montreal CAN"]
[Date "2007.10.10"]
[Round "1"]
[White "Daoud, Michel"]
[Black "Lemieux, Serge"]
[Result "0-1"]
[WhiteElo "1541"]
[BlackElo "1490"]
[PlyCount "122"]
[GameId "2160767910578920"]
[EventDate "2007.10.10"]
[EventType "swiss"]
[EventRounds "5"]
[EventCountry "CAN"]
[SourceTitle "EXT 2022"]
[Source "ChessBase"]
[SourceDate "2021.10.06"]
[SourceVersion "1"]
[SourceVersionDate "2021.10.06"]
[SourceQuality "1"]

1. e4 d6 2. d4 Nc6 3. Nc3 e5 4. d5 Nce7 5. Bg5 h6 6. Bh4 g5 7. Bg3 Nf6 8. f3 Nh5 9. Bc4 Bg7 10. Nh3 Bxh3 11. gxh3 Nf4 12. Qd2 Nxh3 13. O-O-O a6 14. Qg2 Qd7 15. Rhe1 Ng6 16. Bf1 Nhf4 17. Qf2 h5 18. h4 Bh6 19. Kb1 f6 20. Bd3 Nh3 21. Qe2 gxh4 22. Bh2 Bf4 23. Qg2 Kf7 24. Bf1 Bxh2 25. Qxh2 Nhf4 26. Ne2 Nxe2 27. Bxe2 Nf4 28. Rh1 Rag8 29. Bf1 h3 30. Bxh3 Qxh3 31. Qxh3 Nxh3 32. Rxh3 h4 33. c4 Rg3 34. Rdh1 Rxh3 35. Rxh3 Kg6 36. Kc2 Kg5 37. Kd3 Kf4 38. Ke2 f5 39. exf5 Kxf5 40. b4 Kg5 41. Ke3 Rf8 42. a4 Rf4 43. Kd3 Kf6 44. a5 Ke7 45. Kc3 Kd7 46. Kd3 c6 47. dxc6+ bxc6 48. Kc3 d5 49. cxd5 cxd5 50. Kb3 Kc6 51. Rh2 Rxf3+ 52. Ka4 Rf4 53. Rc2+ Rc4 54. Rf2 h3 55. Rf6+ Kb7 56. Rb6+ Ka7 57. Rh6 Rc3 58. Rh4 d4 59. b5 Rc4+ 60. Kb3 axb5 61. Rxh3 Ka6 0-1